The neclace of diamonds/ (Record no. 168207)
[ view plain ]
| 000 -LEADER | |
|---|---|
| fixed length control field | 00662nam a22001697a 4500 |
| 005 - DATE AND TIME OF LATEST TRANSACTION | |
| control field | 20190928135330.0 |
| 010 ## - LCCN (DPL NO) | |
| LC control number | B-161245 |
| 020 ## - INTERNATIONAL STANDARD BOOK NUMBER | |
| International Standard Book Number | 81-209-1279-9 |
| Terms of availability | 75.00 |
| 037 ## - SOURCE OF ACQUISITION | |
| Source of stock number/acquisition | Pitambar Publishing Company PVT.LTD. |
| 082 ## - DEWEY DECIMAL CLASSIFICATION NUMBER | |
| Classification number | S |
| 245 ## - TITLE STATEMENT | |
| Title | The neclace of diamonds/ |
| Statement of responsibility, etc | Jai prakash bharti |
| 260 ## - PUBLICATION, DISTRIBUTION, ETC. (IMPRINT) | |
| Place of publication, distribution, etc | New Delhi |
| Name of publisher, distributor, etc | Pitambar Publishing Company PVT.LTD. |
| Date of publication, distribution, etc | 2004 |
| 270 ## - ADDRESS | |
| Address | 888 East Park Road Karol Bagh New Delhi |
| City | New Delhi |
| Postal code | 110005 |
| Telephone number | 23625528,23670067,23522997 |
| Fax number | 91-11-23676058 |
| 300 ## - PHYSICAL DESCRIPTION | |
| Extent | 68p. |
| Other physical details | Ill. |
| Dimensions | 26cm |
| 942 ## - ADDED ENTRY ELEMENTS (KOHA) | |
| Source of classification or shelving scheme | Dewey Decimal Classification |
| Item type | Children Books |
| Classification part | S |
| Call number suffix | BHA |
No items available.
